[Event "45th FIDE Chess Olympiad Open"]
[Site "Budapest, Hungary"]
[Date "2024.09.22"]
[Round "11"]
[White "Bachmann, Axel"]
[Black "Peralta, Fernando"]
[Result "1-0"]
[Board "89"]
[WhiteFideId "3700488"]
[BlackFideId "105309"]
[WhiteTitle "GM"]
[BlackTitle "GM"]
[WhiteElo "2560"]
[BlackElo "2558"]
[WhiteTeam "Paraguay"]
[BlackTeam "Argentina"]
[WhiteClock "0:02:49"]
[BlackClock "0:00:35"]
[Variant "Standard"]

1. g3 {[%clk 1:30:11]}  d5 {[%clk 1:30:21]} 2. Nf3 {[%clk 1:29:57]}  Nf6 {[%clk 1:30:39]} 3. Bg2 {[%clk 1:30:22]}  e6 {[%clk 1:31:04]} 4. O-O {[%clk 1:29:52]}  Be7 {[%clk 1:31:27]} 5. d3 {[%clk 1:29:53]}  O-O {[%clk 1:31:17]} 6. Nbd2 {[%clk 1:30:18]}  b6 {[%clk 1:27:43]} 7. e4 {[%clk 1:29:12]}  dxe4 {[%clk 1:28:05]} 8. dxe4 {[%clk 1:29:02]}  Bb7 {[%clk 1:28:30]} 9. Qe2 {[%clk 1:25:13]}  Nc6 {[%clk 1:28:43]} 10. e5 {[%clk 1:20:12]}  Nd7 {[%clk 1:29:00]} 11. Rd1 {[%clk 1:11:49]}  Qc8 {[%clk 1:28:04]} 12. h4 {[%clk 0:58:58]}  Rd8 {[%clk 1:24:23]} 13. Nf1 {[%clk 0:44:29]}  Nc5 {[%clk 1:14:58]} 14. Bf4 {[%clk 0:39:33]}  Rxd1 {[%clk 1:09:53]} 15. Rxd1 {[%clk 0:39:57]}  Qe8 {[%clk 1:10:14]} 16. c3 {[%clk 0:33:44]}  a5 {[%clk 1:09:32]} 17. Nd4 {[%clk 0:32:39]}  a4 {[%clk 0:58:16]} 18. Ne3 {[%clk 0:29:38]}  Rd8 {[%clk 0:50:34]} 19. h5 {[%clk 0:26:36]}  h6 {[%clk 0:49:38]} 20. Ng4 {[%clk 0:26:00]}  a3 {[%clk 0:44:36]} 21. b3 {[%clk 0:20:48]}  Nxd4 {[%clk 0:38:56]} 22. cxd4 {[%clk 0:21:08]}  Bxg2 {[%clk 0:39:17]} 23. Kxg2 {[%clk 0:21:19]}  Qc6+ {[%clk 0:38:40]} 24. f3 {[%clk 0:21:32]}  Nb7 {[%clk 0:37:26]} 25. Rc1 {[%clk 0:14:35]}  Qd7 {[%clk 0:36:08]} 26. Qa6 {[%clk 0:10:23]}  c5 {[%clk 0:13:25]} 27. Qxb6 {[%clk 0:10:40]}  Rc8 {[%clk 0:13:40]} 28. Ne3 {[%clk 0:05:54]}  Nd8 {[%clk 0:05:53]} 29. Rd1 {[%clk 0:03:10]}  cxd4 {[%clk 0:05:30]} 30. Rxd4 {[%clk 0:03:26]}  Qe8 {[%clk 0:05:34]} 31. Nc4 {[%clk 0:03:09]}  Bc5 {[%clk 0:03:50]} 32. Qa6 {[%clk 0:03:34]}  Nc6 {[%clk 0:04:12]} 33. Rd2 {[%clk 0:03:43]}  Nb4 {[%clk 0:03:02]} 34. Qxa3 {[%clk 0:02:35]}  Ra8 {[%clk 0:03:04]} 35. Qc1 {[%clk 0:02:48]}  Nxa2 {[%clk 0:03:26]} 36. Qc2 {[%clk 0:02:35]}  Nb4 {[%clk 0:03:43]} 37. Qe4 {[%clk 0:02:38]}  Nd5 {[%clk 0:03:46]} 38. Be3 {[%clk 0:02:27]}  Bxe3 {[%clk 0:00:44]} 39. Nxe3 {[%clk 0:02:51]}  Nxe3+ {[%clk 0:01:09]} 40. Qxe3 {[%clk 0:03:17]}  Qc6 {[%clk 0:00:58]} 41. Qf4 {[%clk 0:27:03]}  Qb7 {[%clk 0:26:31]} 42. b4 {[%clk 0:26:18]}  Rb8 {[%clk 0:26:33]} 43. Rd4 {[%clk 0:26:39]}  Qa7 {[%clk 0:24:57]} 44. Kh3 {[%clk 0:22:33]}  Qa4 {[%clk 0:19:57]} 45. Qd2 {[%clk 0:21:57]}  Qb3 {[%clk 0:12:55]} 46. Rf4 {[%clk 0:19:56]}  Qb1 {[%clk 0:12:07]} 47. Qd7 {[%clk 0:19:34]}  Rf8 {[%clk 0:12:08]} 48. Kg4 {[%clk 0:13:40]}  Qe1 {[%clk 0:10:52]} 49. Qd6 {[%clk 0:13:34]}  Qb1 {[%clk 0:10:35]} 50. Qc5 {[%clk 0:13:06]}  Qh1 {[%clk 0:07:05]} 51. Qc4 {[%clk 0:10:56]}  Qe1 {[%clk 0:06:18]} 52. Re4 {[%clk 0:08:59]}  Qd2 {[%clk 0:06:30]} 53. Rf4 {[%clk 0:07:55]}  Qe1 {[%clk 0:06:52]} 54. Qd4 {[%clk 0:08:21]}  Qb1 {[%clk 0:06:51]} 55. Re4 {[%clk 0:08:17]}  Qh1 {[%clk 0:05:30]} 56. Qd2 {[%clk 0:06:59]}  Qb1 {[%clk 0:04:40]} 57. Qe2 {[%clk 0:03:30]}  Rb8 {[%clk 0:04:23]} 58. Qc4 {[%clk 0:03:40]}  Qb2 {[%clk 0:03:29]} 59. Rd4 {[%clk 0:02:18]}  Qb1 {[%clk 0:03:45]} 60. f4 {[%clk 0:02:37]}  Qf5+ {[%clk 0:02:09]} 61. Kh4 {[%clk 0:03:03]}  Qb1 {[%clk 0:02:27]} 62. Qc7 {[%clk 0:02:30]}  Rf8 {[%clk 0:01:10]} 63. Qb7 {[%clk 0:02:38]}  Qb2 {[%clk 0:01:12]} 64. Qe4 {[%clk 0:03:01]}  Qh2+ {[%clk 0:00:37]} 65. Kg4 {[%clk 0:03:26]}  Qb2 {[%clk 0:00:56]} 66. Qd3 {[%clk 0:03:48]}  Rb8 {[%clk 0:00:33]} 67. b5 {[%clk 0:03:48]}  Kh8 {[%clk 0:00:35]} 68. Rd8+ {[%clk 0:02:28]}  Rxd8 {[%clk 0:01:02]} 69. Qxd8+ {[%clk 0:02:53]}  Kh7 {[%clk 0:01:31]} 70. Qd3+ {[%clk 0:03:13]}  Kg8 {[%clk 0:01:53]} 71. Kf3 {[%clk 0:03:38]}  Qb4 {[%clk 0:01:32]} 72. Ke2 {[%clk 0:03:49]}  Qc5 {[%clk 0:00:49]} 73. Qb3 {[%clk 0:03:49]}  Qb6 {[%clk 0:00:53]} 74. Qc4 {[%clk 0:03:11]}  Qg1 {[%clk 0:00:58]} 75. Qc8+ {[%clk 0:01:30]}  Kh7 {[%clk 0:01:24]} 76. Qc2+ {[%clk 0:01:22]}  Kg8 {[%clk 0:01:50]} 77. Qc8+ {[%clk 0:00:37]}  Kh7 {[%clk 0:02:16]} 78. Qc6 {[%clk 0:00:43]}  Qh2+ {[%clk 0:01:37]} 79. Kf1 {[%clk 0:01:08]}  Qxh5 {[%clk 0:01:31]} 80. Qc2+ {[%clk 0:01:14]}  g6 {[%clk 0:01:43]} 81. Kg2 {[%clk 0:01:40]}  Kg7 {[%clk 0:00:46]} 82. b6 {[%clk 0:02:06]}  g5 {[%clk 0:01:13]} 83. b7 {[%clk 0:02:24]}  g4 {[%clk 0:00:35]} 84. Qf2 {[%clk 0:02:49]} 1-0

[Event "45th FIDE Chess Olympiad Open"]
[Site "Budapest, Hungary"]
[Date "2024.09.22"]
[Round "11"]
[White "Krysa, Leandro"]
[Black "Delgado Ramirez, Neuris"]
[Result "1/2-1/2"]
[Board "90"]
[WhiteFideId "116807"]
[BlackFideId "3503631"]
[WhiteTitle "GM"]
[BlackTitle "GM"]
[WhiteElo "2495"]
[BlackElo "2484"]
[WhiteTeam "Argentina"]
[BlackTeam "Paraguay"]
[WhiteClock "0:27:06"]
[BlackClock "1:00:53"]
[Variant "Standard"]

1. d4 {[%clk 1:30:56]}  Nf6 {[%clk 1:30:22]} 2. c4 {[%clk 1:31:07]}  e6 {[%clk 1:30:46]} 3. Nf3 {[%clk 1:31:17]}  Bb4+ {[%clk 1:30:58]} 4. Bd2 {[%clk 1:31:32]}  Bxd2+ {[%clk 1:31:21]} 5. Qxd2 {[%clk 1:31:50]}  O-O {[%clk 1:30:34]} 6. g3 {[%clk 1:29:48]}  d5 {[%clk 1:30:17]} 7. Bg2 {[%clk 1:29:07]}  c6 {[%clk 1:29:54]} 8. Qc2 {[%clk 1:27:29]}  b6 {[%clk 1:29:11]} 9. O-O {[%clk 1:26:53]}  Nbd7 {[%clk 1:27:41]} 10. Nbd2 {[%clk 1:24:03]}  Bb7 {[%clk 1:28:01]} 11. b4 {[%clk 1:23:31]}  a5 {[%clk 1:20:10]} 12. a3 {[%clk 1:18:18]}  Qe7 {[%clk 1:18:33]} 13. Rab1 {[%clk 1:07:31]}  axb4 {[%clk 1:17:30]} 14. axb4 {[%clk 1:07:53]}  Ra7 {[%clk 1:17:18]} 15. c5 {[%clk 0:59:06]}  Rfa8 {[%clk 1:14:31]} 16. cxb6 {[%clk 0:48:11]}  Ra6 {[%clk 1:10:30]} 17. Rb2 {[%clk 0:39:21]}  Rxb6 {[%clk 1:09:54]} 18. Rfb1 {[%clk 0:39:05]}  Ba6 {[%clk 1:09:18]} 19. e3 {[%clk 0:35:39]}  Rab8 {[%clk 1:09:29]} 20. Bf1 {[%clk 0:28:35]}  Bxf1 {[%clk 1:08:14]} 21. Kxf1 {[%clk 0:28:52]}  Rxb4 {[%clk 1:00:42]} 22. Rxb4 {[%clk 0:27:34]}  Rxb4 {[%clk 0:59:23]} 23. Rxb4 {[%clk 0:25:58]}  Qxb4 {[%clk 0:59:46]} 24. Qxc6 {[%clk 0:26:14]}  h6 {[%clk 0:59:54]} 25. Qc8+ {[%clk 0:25:58]}  Qf8 {[%clk 1:00:18]} 26. Qxf8+ {[%clk 0:26:14]}  Kxf8 {[%clk 1:00:42]} 27. h4 {[%clk 0:26:29]}  Ke7 {[%clk 1:00:58]} 28. Ke2 {[%clk 0:26:50]}  h5 {[%clk 1:00:50]} 29. Ne1 {[%clk 0:26:57]}  Nb6 {[%clk 0:59:55]} 30. Nd3 {[%clk 0:26:19]}  Nc8 {[%clk 1:00:06]} 31. Ne5 {[%clk 0:26:10]}  Nd6 {[%clk 1:00:13]} 32. Nc6+ {[%clk 0:26:21]}  Kd7 {[%clk 1:00:28]} 33. Ne5+ {[%clk 0:26:42]}  Ke7 {[%clk 1:00:53]} 34. Nc6+ {[%clk 0:27:06]} 1/2-1/2

[Event "45th FIDE Chess Olympiad Open"]
[Site "Budapest, Hungary"]
[Date "2024.09.22"]
[Round "11"]
[White "Cubas, Jose Fernando"]
[Black "Flores, Diego"]
[Result "0-1"]
[Board "91"]
[WhiteFideId "3700267"]
[BlackFideId "108049"]
[WhiteTitle "GM"]
[BlackTitle "GM"]
[WhiteElo "2417"]
[BlackElo "2546"]
[WhiteTeam "Paraguay"]
[BlackTeam "Argentina"]
[WhiteClock "0:22:33"]
[BlackClock "0:19:12"]
[Variant "Standard"]

1. e4 {[%clk 1:30:58]}  c5 {[%clk 1:30:18]} 2. Nf3 {[%clk 1:31:03]}  e6 {[%clk 1:30:27]} 3. d4 {[%clk 1:31:04]}  cxd4 {[%clk 1:30:49]} 4. Nxd4 {[%clk 1:31:30]}  a6 {[%clk 1:29:30]} 5. a3 {[%clk 1:30:09]}  Qc7 {[%clk 1:25:02]} 6. c4 {[%clk 1:28:53]}  Nf6 {[%clk 1:23:04]} 7. Nc3 {[%clk 1:28:49]}  b6 {[%clk 1:23:17]} 8. Be3 {[%clk 1:28:06]}  Bb7 {[%clk 1:23:22]} 9. f3 {[%clk 1:28:20]}  Be7 {[%clk 1:23:10]} 10. Rc1 {[%clk 1:27:14]}  O-O {[%clk 1:22:13]} 11. Be2 {[%clk 1:23:39]}  Re8 {[%clk 1:20:05]} 12. Na4 {[%clk 1:12:02]}  d6 {[%clk 1:17:40]} 13. Nb5 {[%clk 0:57:24]}  axb5 {[%clk 1:11:16]} 14. cxb5 {[%clk 0:57:46]}  Qd7 {[%clk 1:11:08]} 15. Nxb6 {[%clk 0:58:11]}  Qd8 {[%clk 1:11:31]} 16. Nxa8 {[%clk 0:58:38]}  Qa5+ {[%clk 1:11:21]} 17. Kf2 {[%clk 0:55:21]}  Qxa8 {[%clk 1:10:51]} 18. Qd4 {[%clk 0:55:10]}  Nbd7 {[%clk 1:02:26]} 19. b4 {[%clk 0:36:50]}  e5 {[%clk 0:48:43]} 20. Qa7 {[%clk 0:35:42]}  Qxa7 {[%clk 0:48:14]} 21. Bxa7 {[%clk 0:36:06]}  Ra8 {[%clk 0:48:31]} 22. b6 {[%clk 0:35:58]}  Bd8 {[%clk 0:48:36]} 23. Rhd1 {[%clk 0:27:10]}  d5 {[%clk 0:48:18]} 24. exd5 {[%clk 0:26:50]}  Nxb6 {[%clk 0:48:29]} 25. Bxb6 {[%clk 0:26:21]}  Bxb6+ {[%clk 0:48:54]} 26. Ke1 {[%clk 0:21:40]}  Nxd5 {[%clk 0:47:46]} 27. Ba6 {[%clk 0:21:56]}  Bxa6 {[%clk 0:33:30]} 28. Rxd5 {[%clk 0:22:19]}  g6 {[%clk 0:31:54]} 29. a4 {[%clk 0:16:00]}  e4 {[%clk 0:20:22]} 30. a5 {[%clk 0:08:28]}  Bg1 {[%clk 0:13:10]} 31. b5 {[%clk 0:02:20]}  exf3 {[%clk 0:13:11]} 32. gxf3 {[%clk 0:01:50]}  Bb7 {[%clk 0:13:25]} 33. Rd7 {[%clk 0:01:46]}  Bxf3 {[%clk 0:11:29]} 34. a6 {[%clk 0:01:12]}  Re8+ {[%clk 0:11:13]} 35. Kf1 {[%clk 0:01:25]}  Bb6 {[%clk 0:09:25]} 36. Rd6 {[%clk 0:01:25]}  Be2+ {[%clk 0:07:39]} 37. Kg2 {[%clk 0:01:41]}  Be3 {[%clk 0:08:00]} 38. Rb1 {[%clk 0:00:39]}  Re5 {[%clk 0:08:18]} 39. a7 {[%clk 0:00:34]}  Rg5+ {[%clk 0:03:27]} 40. Kh3 {[%clk 0:01:03]}  Bxa7 {[%clk 0:01:41]} 41. b6 {[%clk 0:28:50]}  Bxb6 {[%clk 0:23:30]} 42. Rbxb6 {[%clk 0:24:12]}  Bf1+ {[%clk 0:20:00]} 43. Kh4 {[%clk 0:24:40]}  Rg2 {[%clk 0:19:56]} 44. Kh3 {[%clk 0:22:39]}  Kg7 {[%clk 0:18:32]} 45. Rbc6 {[%clk 0:22:19]}  Rg1+ {[%clk 0:18:50]} 46. Kh4 {[%clk 0:22:33]}  g5+ {[%clk 0:19:12]} 0-1

[Event "45th FIDE Chess Olympiad Open"]
[Site "Budapest, Hungary"]
[Date "2024.09.22"]
[Round "11"]
[White "Sosa, Tomas"]
[Black "Latorre, Matias"]
[Result "1-0"]
[Board "92"]
[WhiteFideId "121576"]
[BlackFideId "3701107"]
[WhiteTitle "GM"]
[BlackTitle "FM"]
[WhiteElo "2515"]
[BlackElo "2264"]
[WhiteTeam "Argentina"]
[BlackTeam "Paraguay"]
[WhiteClock "0:25:39"]
[BlackClock "0:00:49"]
[Variant "Standard"]

1. e4 {[%clk 1:30:57]}  e6 {[%clk 1:30:40]} 2. d4 {[%clk 1:31:21]}  d5 {[%clk 1:31:04]} 3. Nd2 {[%clk 1:31:41]}  c5 {[%clk 1:31:08]} 4. Ngf3 {[%clk 1:31:26]}  cxd4 {[%clk 1:30:54]} 5. Nxd4 {[%clk 1:27:17]}  Nc6 {[%clk 1:31:18]} 6. Bb5 {[%clk 1:27:42]}  Bd7 {[%clk 1:31:45]} 7. Nxc6 {[%clk 1:27:06]}  bxc6 {[%clk 1:32:11]} 8. Bd3 {[%clk 1:27:31]}  Bd6 {[%clk 1:32:38]} 9. Qe2 {[%clk 1:21:37]}  Ne7 {[%clk 1:30:10]} 10. e5 {[%clk 1:16:59]}  Bc7 {[%clk 1:30:36]} 11. Nf3 {[%clk 1:17:20]}  c5 {[%clk 1:28:00]} 12. c4 {[%clk 1:16:21]}  Bc6 {[%clk 1:28:26]} 13. O-O {[%clk 1:13:41]}  dxc4 {[%clk 1:18:30]} 14. Bxc4 {[%clk 1:13:04]}  O-O {[%clk 1:18:49]} 15. Bg5 {[%clk 1:01:42]}  Qe8 {[%clk 1:16:32]} 16. Ne1 {[%clk 0:51:57]}  Ng6 {[%clk 0:48:51]} 17. Nd3 {[%clk 0:52:09]}  Qb8 {[%clk 0:49:16]} 18. Rfe1 {[%clk 0:51:59]}  h6 {[%clk 0:49:43]} 19. Bd2 {[%clk 0:49:43]}  Rd8 {[%clk 0:47:27]} 20. Bc3 {[%clk 0:48:27]}  Bxg2 {[%clk 0:40:34]} 21. Kxg2 {[%clk 0:44:48]}  Rxd3 {[%clk 0:40:58]} 22. Qe4 {[%clk 0:45:01]}  Rd5 {[%clk 0:19:45]} 23. Kh1 {[%clk 0:37:09]}  Qd8 {[%clk 0:17:52]} 24. Rg1 {[%clk 0:31:51]}  Rxe5 {[%clk 0:13:49]} 25. Bxe5 {[%clk 0:30:49]}  Nxe5 {[%clk 0:14:06]} 26. Rad1 {[%clk 0:29:02]}  Qe8 {[%clk 0:09:51]} 27. Bb5 {[%clk 0:28:18]}  Qf8 {[%clk 0:09:35]} 28. Qb7 {[%clk 0:21:01]}  Bb6 {[%clk 0:05:59]} 29. f4 {[%clk 0:18:51]}  Ng6 {[%clk 0:06:19]} 30. Rd7 {[%clk 0:18:23]}  Rd8 {[%clk 0:03:24]} 31. f5 {[%clk 0:15:17]}  exf5 {[%clk 0:01:52]} 32. Re1 {[%clk 0:14:59]}  Rb8 {[%clk 0:01:35]} 33. Qd5 {[%clk 0:14:06]}  Ba5 {[%clk 0:01:25]} 34. Bc4 {[%clk 0:13:50]}  Bxe1 {[%clk 0:00:39]} 35. Rxf7 {[%clk 0:14:05]}  Kh7 {[%clk 0:00:33]} 36. Rxf8 {[%clk 0:13:41]}  Rxf8 {[%clk 0:00:59]} 37. Bd3 {[%clk 0:13:16]}  Bf2 {[%clk 0:00:51]} 38. Bxf5 {[%clk 0:12:59]}  Rf6 {[%clk 0:01:10]} 39. Qe4 {[%clk 0:12:45]}  Bd4 {[%clk 0:00:59]} 40. b4 {[%clk 0:07:36]}  cxb4 {[%clk 0:00:32]} 41. Bxg6+ {[%clk 0:03:58]}  Rxg6 {[%clk 0:00:58]} 42. Qxd4 {[%clk 0:04:23]}  a6 {[%clk 0:12:07]} 43. Qe4 {[%clk 0:32:26]}  h5 {[%clk 0:09:53]} 44. Qxb4 {[%clk 0:31:40]}  Rf6 {[%clk 0:06:25]} 45. Qe4+ {[%clk 0:31:35]}  Kh6 {[%clk 0:06:27]} 46. Qe3+ {[%clk 0:31:59]}  Kg6 {[%clk 0:06:10]} 47. Kg2 {[%clk 0:31:05]}  Kf7 {[%clk 0:05:17]} 48. Qe5 {[%clk 0:29:51]}  Rh6 {[%clk 0:04:27]} 49. Qc7+ {[%clk 0:29:42]}  Kg8 {[%clk 0:02:24]} 50. Qc8+ {[%clk 0:28:51]}  Kh7 {[%clk 0:02:24]} 51. Qf5+ {[%clk 0:27:31]}  Rg6+ {[%clk 0:01:44]} 52. Kf3 {[%clk 0:26:55]}  Kh6 {[%clk 0:02:01]} 53. Qd5 {[%clk 0:26:44]}  Rf6+ {[%clk 0:01:40]} 54. Ke4 {[%clk 0:27:04]}  Rg6 {[%clk 0:01:45]} 55. Qg8 {[%clk 0:26:45]}  Rg4+ {[%clk 0:01:27]} 56. Kf3 {[%clk 0:25:51]}  Rg6 {[%clk 0:01:23]} 57. Qh8+ {[%clk 0:25:36]}  Kg5 {[%clk 0:01:45]} 58. Qh7 {[%clk 0:25:33]}  Rf6+ {[%clk 0:00:50]} 59. Ke4 {[%clk 0:25:51]}  Rf7 {[%clk 0:00:41]} 60. Ke5 {[%clk 0:25:39]}  Rb7 {[%clk 0:00:49]} 61. h4 {[%clk 0:25:39]} 1-0

[Event "45th FIDE Chess Olympiad Open"]
[Site "Budapest, Hungary"]
[Date "2024.09.22"]
[Round "11"]
[White "Keinanen, Toivo"]
[Black "Albornoz Cabrera, Carlos Daniel"]
[Result "1/2-1/2"]
[Board "93"]
[WhiteFideId "509825"]
[BlackFideId "3518736"]
[WhiteTitle "IM"]
[BlackTitle "GM"]
[WhiteElo "2554"]
[BlackElo "2579"]
[WhiteTeam "Finland"]
[BlackTeam "Cuba"]
[WhiteClock "0:03:46"]
[BlackClock "0:23:49"]
[Variant "Standard"]

1. c4 {[%clk 1:30:56]}  e6 {[%clk 1:30:55]} 2. g3 {[%clk 1:31:21]}  d5 {[%clk 1:31:21]} 3. Bg2 {[%clk 1:31:48]}  d4 {[%clk 1:31:46]} 4. b4 {[%clk 1:24:44]}  e5 {[%clk 1:32:15]} 5. Qa4+ {[%clk 1:25:10]}  c6 {[%clk 1:29:13]} 6. d3 {[%clk 1:24:28]}  Nd7 {[%clk 1:27:38]} 7. Nf3 {[%clk 1:18:52]}  Ngf6 {[%clk 1:24:05]} 8. O-O {[%clk 1:15:15]}  Be7 {[%clk 1:20:13]} 9. b5 {[%clk 1:06:25]}  c5 {[%clk 1:17:59]} 10. e3 {[%clk 1:06:42]}  O-O {[%clk 1:12:41]} 11. Re1 {[%clk 1:02:17]}  e4 {[%clk 1:04:02]} 12. dxe4 {[%clk 1:01:23]}  Nxe4 {[%clk 1:04:22]} 13. Nbd2 {[%clk 0:51:41]}  Nc3 {[%clk 0:54:53]} 14. Qb3 {[%clk 0:48:50]}  Bf6 {[%clk 0:49:46]} 15. exd4 {[%clk 0:41:11]}  cxd4 {[%clk 0:50:11]} 16. Ba3 {[%clk 0:41:34]}  Re8 {[%clk 0:49:19]} 17. Rxe8+ {[%clk 0:38:10]}  Qxe8 {[%clk 0:49:48]} 18. Re1 {[%clk 0:34:42]}  Qd8 {[%clk 0:50:14]} 19. Bb4 {[%clk 0:19:42]}  a5 {[%clk 0:41:14]} 20. Bxc3 {[%clk 0:16:41]}  Nc5 {[%clk 0:40:56]} 21. Qa3 {[%clk 0:16:52]}  dxc3 {[%clk 0:41:21]} 22. Qxc5 {[%clk 0:16:56]}  cxd2 {[%clk 0:41:48]} 23. Rd1 {[%clk 0:12:51]}  Be6 {[%clk 0:33:02]} 24. Rxd2 {[%clk 0:12:39]}  Qc8 {[%clk 0:33:07]} 25. Qxc8+ {[%clk 0:06:51]}  Rxc8 {[%clk 0:33:36]} 26. Bf1 {[%clk 0:07:18]}  Bxc4 {[%clk 0:28:02]} 27. Bxc4 {[%clk 0:07:05]}  Rxc4 {[%clk 0:28:28]} 28. Rd7 {[%clk 0:07:25]}  h6 {[%clk 0:22:46]} 29. Rxb7 {[%clk 0:07:38]}  Ra4 {[%clk 0:23:13]} 30. Ra7 {[%clk 0:03:54]}  Rxa2 {[%clk 0:23:39]} 31. b6 {[%clk 0:03:51]}  Rb2 {[%clk 0:23:49]} 32. Rxa5 {[%clk 0:03:46]} 1/2-1/2

[Event "45th FIDE Chess Olympiad Open"]
[Site "Budapest, Hungary"]
[Date "2024.09.22"]
[Round "11"]
[White "Berdayes Ason, Dylan Isidro"]
[Black "Sipila, Vilka"]
[Result "0-1"]
[Board "94"]
[WhiteFideId "3516016"]
[BlackFideId "505455"]
[WhiteTitle "GM"]
[BlackTitle "IM"]
[WhiteElo "2474"]
[BlackElo "2462"]
[WhiteTeam "Cuba"]
[BlackTeam "Finland"]
[WhiteClock "0:03:05"]
[BlackClock "0:34:58"]
[Variant "Standard"]

1. d4 {[%clk 1:30:57]}  Nf6 {[%clk 1:30:55]} 2. c4 {[%clk 1:31:24]}  e6 {[%clk 1:31:21]} 3. Nc3 {[%clk 1:31:47]}  Bb4 {[%clk 1:31:47]} 4. e3 {[%clk 1:32:12]}  O-O {[%clk 1:32:12]} 5. Bd3 {[%clk 1:32:38]}  d5 {[%clk 1:32:37]} 6. cxd5 {[%clk 1:30:38]}  exd5 {[%clk 1:33:00]} 7. a3 {[%clk 1:31:05]}  Bd6 {[%clk 1:33:22]} 8. Qc2 {[%clk 1:31:33]}  c6 {[%clk 1:33:44]} 9. Nge2 {[%clk 1:31:20]}  Re8 {[%clk 1:34:08]} 10. Bd2 {[%clk 1:31:45]}  h6 {[%clk 1:34:25]} 11. h3 {[%clk 1:24:51]}  Nbd7 {[%clk 1:31:36]} 12. g4 {[%clk 1:13:34]}  a5 {[%clk 1:23:21]} 13. f3 {[%clk 1:04:02]}  b5 {[%clk 1:17:14]} 14. h4 {[%clk 0:42:01]}  Ba6 {[%clk 1:15:07]} 15. g5 {[%clk 0:41:58]}  b4 {[%clk 1:15:14]} 16. Na4 {[%clk 0:39:10]}  Bxd3 {[%clk 1:15:26]} 17. Qxd3 {[%clk 0:39:37]}  Nh5 {[%clk 1:15:37]} 18. Kf2 {[%clk 0:38:23]}  Qb8 {[%clk 1:05:41]} 19. Rag1 {[%clk 0:28:00]}  g6 {[%clk 1:05:17]} 20. gxh6 {[%clk 0:26:54]}  Qb5 {[%clk 0:57:10]} 21. Rxg6+ {[%clk 0:23:16]}  fxg6 {[%clk 0:57:33]} 22. Qxg6+ {[%clk 0:23:42]}  Kh8 {[%clk 0:58:00]} 23. Qxd6 {[%clk 0:23:01]}  Rg8 {[%clk 0:45:06]} 24. Re1 {[%clk 0:19:36]}  Qxa4 {[%clk 0:40:12]} 25. Qxd7 {[%clk 0:18:08]}  Qc2 {[%clk 0:40:35]} 26. Bc1 {[%clk 0:15:34]}  Ng3 {[%clk 0:37:24]} 27. Qe6 {[%clk 0:09:20]}  Ne4+ {[%clk 0:37:43]} 28. Kf1 {[%clk 0:09:49]}  Raf8 {[%clk 0:36:10]} 29. Qe5+ {[%clk 0:09:12]}  Kh7 {[%clk 0:36:12]} 30. f4 {[%clk 0:06:20]}  Rf7 {[%clk 0:35:28]} 31. Qe6 {[%clk 0:04:06]}  Rf6 {[%clk 0:35:33]} 32. Qe7+ {[%clk 0:02:58]}  Kxh6 {[%clk 0:34:54]} 33. h5 {[%clk 0:03:26]}  Rg7 {[%clk 0:35:11]} 34. Qe8 {[%clk 0:03:26]}  Kh7 {[%clk 0:35:29]} 35. Qe5 {[%clk 0:03:12]}  Ng3+ {[%clk 0:34:45]} 36. Kf2 {[%clk 0:03:38]}  Nxe2 {[%clk 0:34:25]} 37. Rxe2 {[%clk 0:02:08]}  Qxc1 {[%clk 0:34:46]} 38. Re1 {[%clk 0:02:36]}  Qxb2+ {[%clk 0:34:55]} 39. Re2 {[%clk 0:03:05]}  Qb1 {[%clk 0:34:58]} 0-1

[Event "45th FIDE Chess Olympiad Open"]
[Site "Budapest, Hungary"]
[Date "2024.09.22"]
[Round "11"]
[White "Almeida Quintana, Omar"]
[Black "Wartiovaara, Oliver"]
[Result "1/2-1/2"]
[Board "96"]
[WhiteFideId "3503313"]
[BlackFideId "513024"]
[WhiteTitle "GM"]
[BlackTitle "FM"]
[WhiteElo "2492"]
[BlackElo "2300"]
[WhiteTeam "Cuba"]
[BlackTeam "Finland"]
[WhiteClock "0:28:29"]
[BlackClock "0:38:14"]
[Variant "Standard"]

1. d4 {[%clk 1:30:48]}  d5 {[%clk 1:30:56]} 2. Nf3 {[%clk 1:31:11]}  Nf6 {[%clk 1:31:22]} 3. c4 {[%clk 1:31:38]}  c6 {[%clk 1:31:49]} 4. e3 {[%clk 1:31:47]}  Bf5 {[%clk 1:32:16]} 5. Nc3 {[%clk 1:32:10]}  e6 {[%clk 1:32:34]} 6. Nh4 {[%clk 1:31:58]}  Bg6 {[%clk 1:32:58]} 7. Qb3 {[%clk 1:31:10]}  Qc7 {[%clk 1:32:28]} 8. Bd2 {[%clk 1:31:02]}  Ne4 {[%clk 1:32:44]} 9. Nxe4 {[%clk 1:30:38]}  Bxe4 {[%clk 1:33:10]} 10. f3 {[%clk 1:30:36]}  dxc4 {[%clk 1:33:35]} 11. Bxc4 {[%clk 1:30:32]}  Bd5 {[%clk 1:34:00]} 12. e4 {[%clk 1:28:31]}  Bxc4 {[%clk 1:34:26]} 13. Qxc4 {[%clk 1:28:57]}  Be7 {[%clk 1:32:07]} 14. g3 {[%clk 1:29:22]}  Nd7 {[%clk 1:31:43]} 15. Ng2 {[%clk 1:29:16]}  g6 {[%clk 1:21:10]} 16. Nf4 {[%clk 1:25:31]}  O-O-O {[%clk 1:15:55]} 17. Bc3 {[%clk 1:14:28]}  Rhe8 {[%clk 1:12:54]} 18. Ne2 {[%clk 1:07:23]}  Kb8 {[%clk 1:05:32]} 19. O-O-O {[%clk 1:07:21]}  Nb6 {[%clk 1:04:38]} 20. Qb3 {[%clk 1:07:31]}  c5 {[%clk 1:02:53]} 21. Kb1 {[%clk 1:07:29]}  Qc6 {[%clk 0:53:00]} 22. dxc5 {[%clk 1:02:04]}  Bxc5 {[%clk 0:52:57]} 23. Be5+ {[%clk 0:56:27]}  Ka8 {[%clk 0:51:49]} 24. Nd4 {[%clk 0:53:35]}  Bxd4 {[%clk 0:50:53]} 25. Bxd4 {[%clk 0:53:52]}  Nc4 {[%clk 0:45:22]} 26. Qb4 {[%clk 0:44:28]}  a5 {[%clk 0:41:00]} 27. Qc3 {[%clk 0:44:34]}  e5 {[%clk 0:40:58]} 28. Bf2 {[%clk 0:40:04]}  f5 {[%clk 0:40:47]} 29. Ka1 {[%clk 0:34:38]}  a4 {[%clk 0:31:59]} 30. Qb4 {[%clk 0:30:28]}  b5 {[%clk 0:30:40]} 31. b3 {[%clk 0:25:51]}  axb3 {[%clk 0:30:44]} 32. axb3 {[%clk 0:26:02]}  Qa6+ {[%clk 0:23:42]} 33. Kb1 {[%clk 0:26:24]}  Na3+ {[%clk 0:22:54]} 34. Kb2 {[%clk 0:26:39]}  Nc2 {[%clk 0:23:21]} 35. Kxc2 {[%clk 0:24:07]}  Qa2+ {[%clk 0:23:15]} 36. Kc3 {[%clk 0:22:44]}  Rc8+ {[%clk 0:15:50]} 37. Bc5 {[%clk 0:21:23]}  Rxc5+ {[%clk 0:16:15]} 38. Qxc5 {[%clk 0:21:49]}  b4+ {[%clk 0:16:41]} 39. Kd3 {[%clk 0:14:16]}  Rd8+ {[%clk 0:16:30]} 40. Ke3 {[%clk 0:14:38]}  Qxb3+ {[%clk 0:16:27]} 41. Ke2 {[%clk 0:15:03]}  Qa2+ {[%clk 0:16:38]} 42. Ke1 {[%clk 0:14:49]}  Rxd1+ {[%clk 0:16:31]} 43. Kxd1 {[%clk 0:15:17]}  b3 {[%clk 0:15:59]} 44. Qc4 {[%clk 0:07:58]}  Qa1+ {[%clk 0:15:28]} 45. Ke2 {[%clk 0:03:37]}  Qxh1 {[%clk 0:15:52]} 46. Qa4+ {[%clk 0:03:56]}  Kb7 {[%clk 0:15:57]} 47. Qxb3+ {[%clk 0:04:21]}  Kc6 {[%clk 0:14:59]} 48. Qc4+ {[%clk 0:02:13]}  Kb6 {[%clk 0:15:07]} 49. Qe6+ {[%clk 0:00:34]}  Kb7 {[%clk 0:15:29]} 50. exf5 {[%clk 0:29:38]}  Qg2+ {[%clk 0:36:55]} 51. Ke3 {[%clk 0:30:00]}  Qg1+ {[%clk 0:37:18]} 52. Kd3 {[%clk 0:30:02]}  Qd4+ {[%clk 0:36:26]} 53. Ke2 {[%clk 0:29:53]}  Qb2+ {[%clk 0:36:42]} 54. Kf1 {[%clk 0:29:51]}  Qc1+ {[%clk 0:36:58]} 55. Kg2 {[%clk 0:28:19]}  Qd2+ {[%clk 0:37:23]} 56. Kh3 {[%clk 0:28:23]}  Qh6+ {[%clk 0:37:49]} 57. Kg2 {[%clk 0:28:29]}  Qd2+ {[%clk 0:38:14]} 1/2-1/2